| 000 | 01021nas a2200301 4500 | ||
|---|---|---|---|
| 001 | BR2012009395 | ||
| 003 | BR-BrBNA | ||
| 005 | 20231205121629.0 | ||
| 007 | ta | ||
| 008 | 230509b bl.|||p| |||| 00| 00por d | ||
| 040 |
_aBR-BrBNA _bpor _cBiblioteca Nacional de Agricultura |
||
| 041 | _a(Pt) | ||
| 072 | _aQ70; K50 | ||
| 100 | 1 | _aAbreu, L.B. de | |
| 100 | 1 | _aMendes, L.M. | |
| 100 | 1 | _aSilva, J.R.M. da | |
| 100 | 1 | _aPaula, L.E. de R. e | |
| 100 | 1 | _aMori, F.A. | |
| 245 | 1 | _aAvaliação de resíduos de painéis de madeira gerados por indústrias moveleiras para aproveitamento na confecção de pequenos objetos - estudo de caso | |
| 650 | _aINDÚSTRIA CASEIRA | ||
| 650 | _aRESÍDUO INDUSTRIAL | ||
| 650 | _aRECICLAGEM | ||
| 650 | _aARTESANATO | ||
| 773 | 0 |
_tCiência e Agrotecnologia (Brazil) _xISSN 1413-7054 _g(2009), v.33(Ed. Especial) p. 1747-1751 _wBR2012009395 |
|
| 856 | 4 | 0 | _uhttp://www.scielo.br/pdf/cagro/v33nspe/08.pdf |
| 909 |
_a202311 _bLúcia _c55 _dLúcia Elande |
||
| 942 |
_2AGRIS _n0 _cANA |
||
| 999 |
_c224470 _d224470 |
||